000 01357nam a2200193Ia 4500
003 Ost
005 20260507075108.0
008 260507s9999||||xx |||||||||||||| ||und||
040 _cfsecg
041 _aara
082 _a330
100 _aمشهور، اميرة عبد اللطيف
_eمؤلف
245 0 _aالاستثمار في الاقتصاد الاسلامي /
_c اميرة عبد اللطيف مشهور
260 _aالقاهرة:
_bمكتبة المدبولي,
_c1991
300 _a424 صفحة؛
_c24 سم
520 _aتجد في هذا الكتاب: الإطار النظري لدراسة قضايا الإقتصاد الإسلامي الجزء الأول: الدوافع المباشرة للإستثمار في الإسلام. الجزء الثاني: الضوابط الشرعية للاستثمار. الفصل الأول: تحريم االربا. الفصل الثاني: ضوابط أخرى. الجزء الثالث: الصيغ الشرعية للاستثمار في الإسلام. الفصل الأول: عقود المشاركات. الفصل الثاني: عقد المضاربة أو التراضي. الفصل الثالث: عقد البيع. الفصل الرابع: الصيغة المؤسسية للإستثمار الإسلامي.
653 _aاقتصاد اسلامي - استثمار
942 _cكتاب
999 _c42835
_d42835